Top 50 biggest cities in UK - Statistics

General Stats
  • This quiz has been taken 245 times
  • The average score is 35 of 50
Answer Stats
City Population % Correct
Birmingham 1,140,754
100%
London 8,869,898
100%
Manchester 549,305
99%
Liverpool 571,733
97%
Edinburgh 488,100
95%
Glasgow 611,760
95%
Leeds 500,155
93%
Cardiff 349,941
91%
Newcastle upon Tyne 282,708
90%
Bristol 567,111
87%
Nottingham 308,273
85%
Oxford 170,350
85%
Belfast 334,420
84%
Sheffield 541,763
84%
Southampton 271,173
84%
Aberdeen 200,820
83%
Cambridge 155,806
82%
Brighton and Hove 242,858
81%
Leicester 464,395
79%
Plymouth 242,352
78%
Kingston upon Hull 288,301
76%
Portsmouth 248,440
75%
Swansea 184,094
75%
York 161,875
75%
Coventry 362,690
71%
Derby 262,971
71%
Norwich 195,971
71%
Sunderland 175,595
70%
Bournemouth 201,708
69%
Wolverhampton 215,671
69%
Ipswich 147,522
67%
Luton 225,033
64%
Dundee 148,330
63%
Reading 227,887
63%
Stoke-on-Trent 274,810
63%
Blackpool 144,857
61%
Bradford 360,145
61%
Northampton 229,127
60%
Middlesbrough 176,625
58%
Bolton 200,516
52%
Milton Keynes 182,265
47%
Peterborough 174,102
47%
Gloucester 145,563
44%
Huddersfield 169,928
44%
Southend-on-Sea 181,711
42%
Swindon 189,553
41%
Poole 158,835
29%
Slough 162,467
29%
Warrington 171,058
22%
Telford 147,105
20%
No matching quizzes found
Score Distribution
Percent of People with Each Score
Percentile by Number Answered
Your Score History
You have not taken this quiz